Footballer by Pictures #5 - Statistics

General Stats
  • This quiz has been taken 225 times
  • The average score is 11 of 16
Answer Stats
Picture Answer % Correct
Zlatan Ibrahimović
97%
Carlos Henrique Casimiro
95%
David Alaba
92%
Gianluigi Donnarumma
90%
Matthijs de Ligt
88%
Granit Xhaka
83%
Yann Sommer
79%
Lorenzo Insigne
74%
Nabil Fekir
72%
Alex Sandro Lobo Silva
68%
Milan Škriniar
68%
Mattéo Guendouzi
66%
Yannick Carrasco
60%
Goran Pandev
46%
Stevan Jovetić
28%
Makoto Hasebe
23%
No matching quizzes found
Score Distribution
Percent of People with Each Score
Percentile by Number Answered
Your Score History
You have not taken this quiz